[Event "Rio de Janeiro Cortinhas Memorial 2nd"]
[Site "Rio de Janeiro"]
[Date "2018.05.27"]
[Round "5"]
[White "Da Silva, Claudio Oliveira"]
[Black "Da Cunha, Joao Victor Ximenes"]
[Result "0-1"]
[WhiteElo "1761"]
[BlackElo "1530"]
[PlyCount "50"]
[EventDate "2018.05.25"]
[EventType "swiss"]
[EventRounds "5"]
[EventCountry "BRA"]
[SourceTitle "CBM 184 Extra"]
[Source "ChessBase"]
[SourceDate "2018.06.28"]
[SourceVersion "1"]
[SourceVersionDate "2018.06.28"]
[SourceQuality "1"]

1. c4 e6 2. Nc3 d5 3. d4 Nf6 4. Nf3 c6 5. e3 Bb4 6. Bd2 0-0 7. Be2 Bxc3 8. Bxc3 Ne4 9. Bb4 Re8 10. 0-0 Nd7 11. Qc2 f5 12. cxd5 exd5 13. Bd3 Re6 14. Rae1 Rg6 15. Ne5 Nxe5 16. dxe5 Qh4 17. Bxe4 fxe4 18. g3 Bg4 19. f4 Bf3 20. Qf2 b6 21. Bd6 Re8 22. Rc1 Qh3 23. Rxc6 h5 24. Rfc1 h4 25. f5 Rxg3+ 0-1

[Event "Rio de Janeiro Cortinhas Memorial 2nd"]
[Site "Rio de Janeiro"]
[Date "2018.05.25"]
[Round "1"]
[White "Santos Filho, Tadeu Souza"]
[Black "Da Silva, Claudio Oliveira"]
[Result "1-0"]
[WhiteElo "2113"]
[BlackElo "1761"]
[PlyCount "111"]
[EventDate "2018.05.25"]
[EventType "swiss"]
[EventRounds "5"]
[EventCountry "BRA"]
[SourceTitle "CBM 184 Extra"]
[Source "ChessBase"]
[SourceDate "2018.06.28"]
[SourceVersion "1"]
[SourceVersionDate "2018.06.28"]
[SourceQuality "1"]

1. d4 d5 2. Bf4 Nf6 3. e3 c5 4. Nd2 cxd4 5. exd4 Nc6 6. c3 e6 7. Ngf3 Be7 8. Bd3 0-0 9. 0-0 Bd7 10. h3 a6 11. a4 Qb6 12. Rb1 Rac8 13. Re1 Rfe8 14. Ne5 Bf8 15. Ndf3 Nxe5 16. dxe5 Nh5 17. Be3 d4 18. Bxh7+ Kh8 19. Bxd4 Qa5 20. Bc2 g6 21. Re4 Be7 22. Qd2 Kh7 23. Ng5+ Bxg5 24. Qxg5 Qd8 25. Qxd8 Rexd8 26. Rh4 Kg8 27. Bb6 Re8 28. Rd4 Bc6 29. Rbd1 Bd5 30. Ba5 Ng7 31. g4 Rc6 32. Bb4 Rec8 33. b3 b5 34. axb5 axb5 35. Ra1 Ne8 36. Ra7 Nc7 37. Ra5 Ra8 38. Rxa8+ Nxa8 39. Kf1 Nc7 40. h4 Na6 41. Ba5 Nc5 42. c4 bxc4 43. bxc4 Bf3 44. Bd8 Ra6 45. Ke1 Ra2 46. Bf6 Ra8 47. Kd2 Rc8 48. Ke3 Bc6 49. Rd8+ Rxd8 50. Bxd8 Nd7 51. Kf4 Kg7 52. h5 Nf8 53. Bf6+ Kg8 54. Be7 gxh5 55. gxh5 Nh7 56. Be4 1-0

[Event "Guanabara CC/TTC op 1st"]
[Site "Rio de Janeiro"]
[Date "2018.03.11"]
[Round "6"]
[White "Da Silva, Claudio Oliveira"]
[Black "Da Costa, Carlos Henrique Luz"]
[Result "1-0"]
[WhiteElo "1769"]
[BlackElo "1531"]
[PlyCount "125"]
[EventDate "2018.03.03"]
[EventType "swiss"]
[EventRounds "6"]
[EventCountry "BRA"]
[SourceTitle "EXT 2019"]
[Source "ChessBase"]
[SourceDate "2018.10.10"]
[SourceVersion "1"]
[SourceVersionDate "2018.10.10"]
[SourceQuality "1"]

1. c4 Nf6 2. d4 b6 3. Nc3 Bb7 4. Nf3 d6 5. Bg5 Nbd7 6. e3 g6 7. Bd3 Bg7 8. e4 e5 9. dxe5 Nxe5 10. Nxe5 dxe5 11. Qd2 0-0 12. 0-0-0 Qd7 13. Nd5 Nxd5 14. exd5 Qa4 15. Kb1 f5 16. Bh6 Bxh6 17. Qxh6 e4 18. Be2 Qb4 19. h4 Qe7 20. Rde1 Qg7 21. Qf4 Rad8 22. Rd1 Rd6 23. f3 Re8 24. h5 Qe5 25. Qg5 Qf6 26. Qd2 e3 27. Qd4 Qxd4 28. Rxd4 g5 29. Kc2 h6 30. Re1 c5 31. Rd3 Re4 32. b3 Rd8 33. g3 Rde8 34. Bf1 e2 35. Bg2 Re3 36. Kd2 Rxd3+ 37. Kxd3 Kf7 38. Rxe2 Rxe2 39. Kxe2 Ke7 40. Ke3 Kd7 41. Bf1 Kd6 42. Bd3 Bc8 43. Kd2 a5 44. Kc3 Bd7 45. a3 Kc7 46. b4 axb4+ 47. axb4 Kd6 48. Bc2 Kc7 49. Kb3 Kd6 50. Ka3 Kc7 51. Ba4 Bc8 52. Be8 Ba6 53. Kb3 Kd6 54. Bf7 Bc8 55. bxc5+ bxc5 56. Ka4 Ba6 57. Kb3 Bc8 58. Be6 Bxe6 59. dxe6 Kxe6 60. Ka4 Kd7 61. Kb5 Kd6 62. Kb6 Kd7 63. Kxc5 1-0

[Event "Guanabara CC/TTC op 1st"]
[Site "Rio de Janeiro"]
[Date "2018.03.03"]
[Round "1"]
[White "Da Silva, Claudio Oliveira"]
[Black "Campos, Alexandre Ferreira"]
[Result "0-1"]
[WhiteElo "1769"]
[BlackElo "2085"]
[PlyCount "88"]
[EventDate "2018.03.03"]
[EventType "swiss"]
[EventRounds "6"]
[EventCountry "BRA"]
[SourceTitle "EXT 2019"]
[Source "ChessBase"]
[SourceDate "2018.10.10"]
[SourceVersion "1"]
[SourceVersionDate "2018.10.10"]
[SourceQuality "1"]

1. Nf3 Nf6 2. d4 e6 3. c4 Bb4+ 4. Nbd2 c5 5. e3 cxd4 6. exd4 d5 7. Bd3 dxc4 8. Bxc4 0-0 9. 0-0 Nc6 10. Nb3 a5 11. Bg5 Be7 12. Ne5 Bd7 13. Be2 a4 14. Nc1 Be8 15. Nf3 Qb6 16. Be3 Nd5 17. Nd3 Bf6 18. Nc5 Qxb2 19. Rb1 Qxa2 20. Ra1 Qb2 21. Rb1 Nxe3 22. fxe3 Qa3 23. Qd2 e5 24. Ra1 Qb4 25. Qxb4 Nxb4 26. dxe5 Be7 27. Nxb7 Nc2 28. Ra2 Nxe3 29. Rc1 Bd7 30. Rc7 Be6 31. Ra1 Nd5 32. Rc6 Rfb8 33. Nd6 a3 34. Nd4 Bd7 35. Rc2 Bd8 36. Kh1 Rb2 37. Bf3 Be6 38. Rcc1 Bg5 39. Rcb1 Rab8 40. Rf1 Ne3 41. Rg1 a2 42. Nxe6 fxe6 43. Be4 Ng4 44. h3 Nf2+ 0-1

[Event "Guanabara CC op 2nd"]
[Site "Rio de Janeiro"]
[Date "2017.05.27"]
[Round "4"]
[White "Chaves, Jorge Antonio Torre"]
[Black "Da Silva, Claudio Oliveira"]
[Result "1-0"]
[WhiteElo "1887"]
[BlackElo "1831"]
[PlyCount "97"]
[EventDate "2017.05.20"]
[EventType "swiss"]
[EventRounds "6"]
[EventCountry "BRA"]
[SourceTitle "EXT 2018"]
[Source "ChessBase"]
[SourceDate "2017.10.13"]
[SourceVersion "1"]
[SourceVersionDate "2017.10.13"]
[SourceQuality "1"]

1. e4 d6 2. d4 Nf6 3. Nc3 g6 4. Nf3 Bg7 5. Be2 0-0 6. h3 Nbd7 7. Be3 a6 8. Qd2 b5 9. a3 Bb7 10. e5 Ne4 11. Nxe4 Bxe4 12. exd6 cxd6 13. 0-0 Rc8 14. c3 Nb6 15. Ng5 Bd5 16. f4 Nc4 17. Bxc4 Bxc4 18. Rf2 e6 19. Re1 Qc7 20. Rf3 Qc6 21. Rg3 Bd5 22. h4 h5 23. f5 exf5 24. Nh3 Bf6 25. Bg5 Bg7 26. Be7 Rfe8 27. Nf4 Be4 28. Bg5 Kh7 29. Nh3 Bd5 30. Rf1 Bc4 31. Re1 Rxe1+ 32. Qxe1 Re8 33. Re3 Rxe3 34. Qxe3 Qe4 35. Qg3 Bd5 36. Bd8 Bh6 37. Bg5 Qb1+ 38. Kh2 Qxb2 39. Nf4 Be4 40. Bxh6 Kxh6 41. Qg5+ Kh7 42. Qf6 Qb3 43. Qxd6 Qxc3 44. Qe5 Qe1 45. Qf6 Kg8 46. Qd8+ Kg7 47. Qg5 Qd1 48. Qe7 Qd2 49. Ne6+ 1-0

[Event "Guanabara CC op 2nd"]
[Site "Rio de Janeiro"]
[Date "2017.05.27"]
[Round "3"]
[White "Da Silva, Claudio Oliveira"]
[Black "Machado, Wallace Fernandes"]
[Result "1/2-1/2"]
[WhiteElo "1831"]
[BlackElo "1756"]
[PlyCount "74"]
[EventDate "2017.05.20"]
[EventType "swiss"]
[EventRounds "6"]
[EventCountry "BRA"]
[SourceTitle "EXT 2018"]
[Source "ChessBase"]
[SourceDate "2017.10.13"]
[SourceVersion "1"]
[SourceVersionDate "2017.10.13"]
[SourceQuality "1"]

1. c4 Nf6 2. d4 e6 3. Nc3 c5 4. e3 a6 5. Nf3 Qc7 6. Bd3 b6 7. 0-0 Bb7 8. Bd2 Be7 9. Re1 0-0 10. Rc1 Rd8 11. Qe2 cxd4 12. exd4 d6 13. Ng5 e5 14. Nce4 Nxe4 15. Bxe4 Bxg5 16. Bxg5 f6 17. Bxb7 Qxb7 18. Bh4 Re8 19. dxe5 dxe5 20. Qg4 Qf7 21. f3 Nc6 22. Bf2 Rab8 23. a3 Red8 24. Red1 Nd4 25. Bxd4 f5 26. Qh4 exd4 27. Rxd4 Re8 28. Rcd1 Qe6 29. Qf2 Rb7 30. Qd2 h6 31. Qd3 Rc7 32. b3 Kh8 33. Rd6 Qe7 34. Qd4 Kh7 35. Rxb6 Rd7 36. Rd6 Rxd6 37. Qxd6 Qe3+ 1/2-1/2

[Event "Guanabara CC op 2nd"]
[Site "Rio de Janeiro"]
[Date "2017.05.20"]
[Round "2"]
[White "Da Costa, Carlos Henrique Luz"]
[Black "Da Silva, Claudio Oliveira"]
[Result "1-0"]
[WhiteElo "1575"]
[BlackElo "1831"]
[PlyCount "119"]
[EventDate "2017.05.20"]
[EventType "swiss"]
[EventRounds "6"]
[EventCountry "BRA"]
[SourceTitle "EXT 2018"]
[Source "ChessBase"]
[SourceDate "2017.10.13"]
[SourceVersion "1"]
[SourceVersionDate "2017.10.13"]
[SourceQuality "1"]

1. d4 Nf6 2. Bf4 d6 3. Nf3 g6 4. e3 Bg7 5. Bd3 0-0 6. Nbd2 Nbd7 7. h3 c5 8. c3 b6 9. 0-0 Bb7 10. a4 a5 11. Bb5 cxd4 12. exd4 Nd5 13. Bg3 N7f6 14. Re1 e6 15. Nc4 Ne4 16. Bh2 f5 17. Nfd2 Nc7 18. Nxe4 Nxb5 19. Ncxd6 Nxd6 20. Nxd6 Bc8 21. Qb3 Bd7 22. Nc4 Qg5 23. Qxb6 f4 24. Qd6 Rad8 25. Ne5 Bc8 26. Nf3 Qxg2+ 27. Kxg2 Rxd6 28. Ng5 h6 29. Ne4 Bb7 30. f3 Rb6 31. Rab1 Bd5 32. b4 axb4 33. a5 Rbb8 34. cxb4 Bxd4 35. b5 g5 36. Bg1 Bxg1 37. Kxg1 Rfc8 38. Nf6+ Kf7 39. Nxd5 exd5 40. b6 Rc6 41. Rb5 Rd6 42. Kf2 Rb7 43. Re5 d4 44. Ke2 Rc6 45. Rbc5 Rd6 46. Kd3 Rb8 47. Rc7+ Kg6 48. Ree7 Ra8 49. Rg7+ Kh5 50. Rc5 Re8 51. b7 Re3+ 52. Kc4 Rc3+ 53. Kb5 Rxf3 54. b8Q Re6 55. Qb7 Ree3 56. Qf7+ Kh4 57. Qf5 Kg3 58. Qg4+ Kf2 59. Rc2+ Ke1 60. Qg1+ 1-0

[Event "Rio de Janeiro Cortinhas Memorial 1st"]
[Site "Rio de Janeiro"]
[Date "2017.04.22"]
[Round "3"]
[White "Da Silva, Claudio Oliveira"]
[Black "Mesquita, Arnaldo Leite"]
[Result "1-0"]
[WhiteElo "1834"]
[BlackElo "1734"]
[PlyCount "91"]
[EventDate "2017.04.21"]
[EventType "swiss"]
[EventRounds "6"]
[EventCountry "BRA"]
[SourceTitle "CBM 178 Extra"]
[Source "ChessBase"]
[SourceDate "2017.06.22"]
[SourceVersion "1"]
[SourceVersionDate "2017.06.22"]
[SourceQuality "1"]

1. c4 e5 2. Nc3 Nf6 3. d3 d5 4. cxd5 Nxd5 5. Bd2 Be6 6. Nf3 Nd7 7. g3 c6 8. Bg2 Be7 9. 0-0 0-0 10. Ne4 h6 11. Rc1 Qb6 12. Rb1 f5 13. Nc3 g5 14. e4 Nxc3 15. Bxc3 Bxa2 16. Ra1 Bb3 17. Qe2 Qc7 18. exf5 Bf6 19. Nd2 Bf7 20. Ne4 Bg7 21. Rac1 Nf6 22. Bb4 Rfd8 23. Nc5 Nd5 24. Bd2 Qe7 25. Rfe1 b6 26. Ne4 Rac8 27. Bh3 Nf6 28. Nxf6+ Bxf6 29. Bc3 Re8 30. Bg2 Qd6 31. Be4 h5 32. h3 Kg7 33. Bf3 Kh6 34. Bd2 Qd7 35. Be4 Rg8 36. h4 Kh7 37. hxg5 Bxg5 38. Bxg5 Rxg5 39. Qf3 c5 40. Kg2 Qe8 41. Rh1 Kh6 42. Rh4 c4 43. Rch1 cxd3 44. Qxd3 Rd8 45. Qe3 Qe7 46. Bf3 1-0

[Event "Rio de Janeiro CXG op 1st"]
[Site "Rio de Janeiro"]
[Date "2017.04.01"]
[Round "5"]
[White "Manzi, Luiz Antonio Bardao"]
[Black "Da Silva, Claudio Oliveira"]
[Result "1-0"]
[WhiteElo "2053"]
[BlackElo "1834"]
[PlyCount "91"]
[EventDate "2017.03.25"]
[EventType "swiss"]
[EventRounds "6"]
[EventCountry "BRA"]
[SourceTitle "CBM 177 Extra"]
[Source "ChessBase"]
[SourceDate "2017.04.27"]
[SourceVersion "1"]
[SourceVersionDate "2017.04.27"]
[SourceQuality "1"]

1. Nf3 d5 2. d4 Nf6 3. g3 g6 4. Bg2 Bg7 5. 0-0 0-0 6. c4 c6 7. Nbd2 Nbd7 8. b3 Re8 9. Bb2 Qc7 10. Rc1 Qd6 11. Ne5 Nf8 12. e3 Bf5 13. g4 Bc8 14. f4 e6 15. Qf3 N6d7 16. e4 f6 17. Nxd7 Nxd7 18. cxd5 cxd5 19. exd5 Nb6 20. dxe6 Bxe6 21. Nc4 Nxc4 22. bxc4 f5 23. gxf5 Bxd4+ 24. Kh1 Bxb2 25. Rcd1 Qc7 26. fxe6 Qxc4 27. Qxb7 Bd4 28. Qf7+ Kh8 29. Bxa8 Rxa8 30. Qd7 Be3 31. Qd5 Qxd5+ 32. Rxd5 Re8 33. Re5 Bd4 34. Re4 Bb6 35. f5 gxf5 36. Rxf5 Rg8 37. Rf1 Re8 38. h4 Kg7 39. Rf7+ Kh8 40. h5 h6 41. Kg2 Kg8 42. Kf3 Rc8 43. Rg4+ Kh8 44. e7 Bc5 45. Rc4 Kg8 46. Rxc5 1-0

[Event "Rio de Janeiro Keres Memorial 4th"]
[Site "Rio de Janeiro"]
[Date "2016.10.08"]
[Round "3"]
[White "Sant Anna, Emerson Dos Santos"]
[Black "Da Silva, Claudio Oliveira"]
[Result "0-1"]
[WhiteElo "1767"]
[BlackElo "1841"]
[PlyCount "40"]
[EventDate "2016.10.01"]
[EventType "swiss"]
[EventRounds "6"]
[EventCountry "BRA"]
[SourceTitle "EXT 2018"]
[Source "ChessBase"]
[SourceDate "2017.10.13"]
[SourceVersion "1"]
[SourceVersionDate "2017.10.13"]
[SourceQuality "1"]

1. c4 c5 2. d4 cxd4 3. Qxd4 Nc6 4. Qd1 Nf6 5. Nf3 g6 6. g3 Bg7 7. Bg2 0-0 8. 0-0 d6 9. Nc3 Be6 10. Nd2 Qc8 11. a3 Ne5 12. b3 Bh3 13. Bb2 Bxg2 14. Kxg2 Qg4 15. f3 Qh5 16. e4 Nfg4 17. fxg4 Nxg4 18. Rf3 Qxh2+ 19. Kf1 Bd4 20. Qe2 Qh1# 0-1

[Event "Rio de Janeiro Keres Memorial 4th"]
[Site "Rio de Janeiro"]
[Date "2016.10.01"]
[Round "2"]
[White "Da Silva, Claudio Oliveira"]
[Black "Soares, Joao Carlos TC"]
[Result "0-1"]
[WhiteElo "1841"]
[BlackElo "1964"]
[PlyCount "78"]
[EventDate "2016.10.01"]
[EventType "swiss"]
[EventRounds "6"]
[EventCountry "BRA"]
[SourceTitle "EXT 2018"]
[Source "ChessBase"]
[SourceDate "2017.10.13"]
[SourceVersion "1"]
[SourceVersionDate "2017.10.13"]
[SourceQuality "1"]

1. d4 f5 2. c4 Nf6 3. Nc3 g6 4. Nf3 Bg7 5. e3 0-0 6. Bd3 d6 7. 0-0 Qe8 8. Qc2 e5 9. dxe5 dxe5 10. e4 f4 11. Nd5 Na6 12. Bd2 c6 13. Nxf6+ Bxf6 14. Bc3 Bg4 15. Be2 g5 16. Ne1 h5 17. f3 Be6 18. b3 Qe7 19. Nd3 Bd7 20. Qb2 Rae8 21. Rad1 Nc5 22. Nxc5 Qxc5+ 23. Kh1 Qe7 24. Rd2 Bc8 25. Rfd1 g4 26. Rd6 Qg7 27. R6d2 Kh8 28. Bb4 Rg8 29. Bd6 Bh4 30. c5 Qg5 31. Qc3 Kh7 32. Bc4 Rg7 33. Be2 g3 34. Bf1 gxh2 35. Qd3 Bg3 36. Qe2 h4 37. Bb8 h3 38. Bd6 Reg8 39. gxh3 Bf2 0-1

[Event "Rio de Janeiro CXG 2nd"]
[Site "Rio de Janeiro"]
[Date "2016.05.14"]
[Round "4.9"]
[White "De Senna, Luiz Paulo Curi"]
[Black "Da Silva, Claudio Oliveira"]
[Result "0-1"]
[WhiteElo "1410"]
[BlackElo "1859"]
[PlyCount "100"]
[EventDate "2016.05.07"]
[EventType "swiss"]
[EventRounds "6"]
[EventCountry "BRA"]
[SourceTitle "EXT 2022"]
[Source "ChessBase"]
[SourceDate "2021.10.06"]
[SourceVersion "1"]
[SourceVersionDate "2021.10.06"]
[SourceQuality "1"]

1. d4 Nf6 2. c4 g6 3. Nf3 Bg7 4. Nc3 0-0 5. Bf4 d6 6. e3 Nbd7 7. Be2 Re8 8. 0-0 Nh5 9. Bg3 Nxg3 10. fxg3 Nf6 11. Qb3 Bh6 12. Nd5 c6 13. Nb4 Bf5 14. Nc2 Bxc2 15. Qxc2 Bxe3+ 16. Kh1 Qb6 17. Rad1 Ng4 18. Bd3 Bh6 19. Rde1 Ne3 20. Qf2 Nxf1 21. Rxf1 Rf8 22. h4 Rae8 23. h5 e5 24. hxg6 hxg6 25. c5 Qd8 26. cxd6 Qxd6 27. Bc4 exd4 28. Nh4 Re7 29. Qf3 Kg7 30. Qg4 Kh8 31. Bd3 Re6 32. Qh3 Kg7 33. Qg4 Kh7 34. Nf5 gxf5 35. Bxf5+ Rg6 36. Bxg6+ Qxg6 37. Qxd4 Qxg3 38. Rf3 Qe1+ 39. Kh2 Qe7 40. Rh3 Qg5 41. Qe4+ Qg6 42. Qe7 Kg7 43. Rg3 Bf4 44. Qa3 Qxg3+ 45. Qxg3+ Bxg3+ 46. Kxg3 Rd8 47. b3 Rd2 48. a4 Rb2 49. Kf4 Rxg2 50. Kf3 Rb2 0-1

[Event "Maravilhosa-ch op"]
[Site "Maravilhosa"]
[Date "2016.01.23"]
[Round "3"]
[White "Da Silva, Claudio Oliveira"]
[Black "Fucs, Paulo Moses"]
[Result "1-0"]
[WhiteElo "1852"]
[BlackElo "2133"]
[PlyCount "78"]
[EventDate "2016.01.22"]
[EventType "swiss"]
[EventRounds "6"]
[EventCountry "BRA"]
[SourceTitle "CBM 170 Extra"]
[Source "ChessBase"]
[SourceDate "2016.02.25"]
[SourceVersion "1"]
[SourceVersionDate "2016.02.25"]
[SourceQuality "1"]

1. d4 d5 2. c4 c6 3. e3 a6 4. Nc3 Nf6 5. Nf3 g6 6. Be2 Bg7 7. 0-0 0-0 8. Bd2 e6 9. c5 Nfd7 10. e4 e5 11. Bg5 f6 12. Be3 dxe4 13. Nxe4 Kh8 14. Nd6 Qe7 15. Qc2 a5 16. a3 Na6 17. Bc4 b5 18. Ba2 Nc7 19. Bb1 Nd5 20. h4 Nxe3 21. fxe3 Bh6 22. Re1 Rg8 23. h5 Nf8 24. hxg6 Nxg6 25. Ba2 Be6 26. Bxe6 Qxe6 27. Qe4 Ra6 28. Kf2 Bf8 29. Nf5 Qd5 30. Qxd5 cxd5 31. Rh1 exd4 32. exd4 Re6 33. Rae1 Rxe1 34. Rxe1 Nf4 35. Re8 Nd3+ 36. Kf1 Nxb2 37. c6 Nc4 38. c7 Nb6 39. Rb8 Bxa3 1-0

[Event "Maravilhosa-ch op"]
[Site "Maravilhosa"]
[Date "2016.01.23"]
[Round "4"]
[White "Saraiva, Alexandre Pacheco"]
[Black "Da Silva, Claudio Oliveira"]
[Result "1-0"]
[WhiteElo "1909"]
[BlackElo "1852"]
[PlyCount "112"]
[EventDate "2016.01.22"]
[EventType "swiss"]
[EventRounds "6"]
[EventCountry "BRA"]
[SourceTitle "CBM 170 Extra"]
[Source "ChessBase"]
[SourceDate "2016.02.25"]
[SourceVersion "1"]
[SourceVersionDate "2016.02.25"]
[SourceQuality "1"]

1. c4 c5 2. Nf3 Nc6 3. g3 d6 4. Bg2 g6 5. d4 Bg7 6. d5 Ne5 7. 0-0 Nxf3+ 8. Bxf3 Nf6 9. e4 0-0 10. Nc3 Nd7 11. Bg2 Ne5 12. Qe2 Bg4 13. f3 Bc8 14. h3 Nd7 15. f4 a6 16. Be3 Qc7 17. Rfc1 Nf6 18. g4 Rb8 19. Bf2 Bd7 20. a4 b6 21. Bf3 e6 22. g5 Ne8 23. Bg3 Qd8 24. h4 Nc7 25. Qh2 exd5 26. exd5 Bf5 27. Re1 Qd7 28. Qd2 Rfe8 29. Kh2 Rxe1 30. Bxe1 Re8 31. Bf2 Re7 32. b3 Kf8 33. Re1 Rxe1 34. Qxe1 Qe7 35. Ne4 a5 36. Qe2 Na6 37. Be1 Bd4 38. Bd2 Bc8 39. Ng3 Qxe2+ 40. Bxe2 Ke7 41. Kg2 Nc7 42. f5 gxf5 43. Bd3 Kf8 44. Bxf5 Bxf5 45. Nxf5 Be5 46. Kf3 f6 47. Ke4 Kf7 48. h5 Ne8 49. Nh6+ Kg7 50. Kf5 fxg5 51. Bxg5 Nf6 52. Bxf6+ Bxf6 53. Ng4 Be7 54. Ke6 Kf8 55. Nh6 Bg5 56. Nf5 Bf4 1-0

[Event "Rio de Janeiro CXG op 5th"]
[Site "Rio de Janeiro"]
[Date "2015.12.19"]
[Round "5.5"]
[White "Rovedo, Salomao"]
[Black "Da Silva, Claudio Oliveira"]
[Result "0-1"]
[WhiteElo "1718"]
[BlackElo "1827"]
[PlyCount "76"]
[EventDate "2015.12.05"]
[EventType "swiss"]
[EventRounds "6"]
[EventCountry "BRA"]
[SourceTitle "EXT 2022"]
[Source "ChessBase"]
[SourceDate "2021.10.06"]
[SourceVersion "1"]
[SourceVersionDate "2021.10.06"]
[SourceQuality "1"]

1. b3 d5 2. Bb2 c5 3. e3 Nc6 4. Bb5 Bd7 5. Ne2 e6 6. Bxc6 Bxc6 7. d3 Nf6 8. Nd2 Bd6 9. 0-0 0-0 10. Ng3 Qe7 11. f4 Bd7 12. Nf3 d4 13. Ne5 Bxe5 14. fxe5 Nd5 15. Qe2 Nxe3 16. Rf3 Qg5 17. Rxe3 dxe3 18. Ne4 Qg6 19. Rf1 Bc6 20. Qxe3 Bxe4 21. Qxe4 Qxe4 22. dxe4 Rfd8 23. Bc3 Rd7 24. Kf2 Rad8 25. Ke2 h6 26. a4 Kh7 27. Ke3 Kg6 28. Rf2 Rd1 29. Rd2 R1xd2 30. Bxd2 f5 31. exf6 gxf6 32. c3 h5 33. Ke2 e5 34. Be3 b6 35. h4 f5 36. exf5+ Kxf5 37. g3 Ke4 38. Bd2 Rxd2+ 0-1

[Event "Rio de Janeiro CXG op 5th"]
[Site "Rio de Janeiro"]
[Date "2015.12.12"]
[Round "3.4"]
[White "Vilalba, Ricardo Pereira"]
[Black "Da Silva, Claudio Oliveira"]
[Result "0-1"]
[WhiteElo "1945"]
[BlackElo "1827"]
[PlyCount "80"]
[EventDate "2015.12.05"]
[EventType "swiss"]
[EventRounds "6"]
[EventCountry "BRA"]
[SourceTitle "EXT 2022"]
[Source "ChessBase"]
[SourceDate "2021.10.06"]
[SourceVersion "1"]
[SourceVersionDate "2021.10.06"]
[SourceQuality "1"]

1. c4 c5 2. Nf3 Nc6 3. g3 Nf6 4. Bg2 g6 5. Nc3 Bg7 6. d4 d6 7. 0-0 0-0 8. h3 Bf5 9. e3 Nb4 10. Ne1 Qc8 11. g4 Bd7 12. Qe2 cxd4 13. exd4 Re8 14. b3 Nc6 15. Nc2 e5 16. d5 Nd4 17. Qd1 Nxc2 18. Qxc2 b5 19. Qd3 bxc4 20. bxc4 e4 21. Qe2 Nxd5 22. Nxd5 Bxa1 23. Bg5 Be5 24. Ne7+ Rxe7 25. Bxe7 Qe8 26. Qxe4 Rc8 27. Bg5 Bc6 28. Qe3 Bxg2 29. Kxg2 Qc6+ 30. f3 Qxc4 31. Qxa7 Bd4 32. Qd7 Ra8 33. Re1 Qc2+ 34. Kh1 Rxa2 35. Qe8+ Kg7 36. Bh6+ Kxh6 37. Qf8+ Kg5 38. Qe7+ f6 39. h4+ Kxh4 40. Qxh7+ Kg3 0-1

[Event "Rio de Janeiro Guanabara op 4th"]
[Site "Rio de Janeiro"]
[Date "2015.09.12"]
[Round "1"]
[White "Baeta, Marcio Netto"]
[Black "Da Silva, Claudio Oliveira"]
[Result "0-1"]
[WhiteElo "2024"]
[BlackElo "1825"]
[PlyCount "144"]
[EventDate "2015.09.12"]
[EventType "swiss"]
[EventRounds "6"]
[EventCountry "BRA"]
[SourceTitle "EXT 2017"]
[Source "ChessBase"]
[SourceDate "2016.10.25"]
[SourceVersion "1"]
[SourceVersionDate "2016.10.25"]
[SourceQuality "1"]

1. c4 c5 2. g3 Nc6 3. Nc3 Nf6 4. Bg2 g6 5. d3 d6 6. Bd2 Bg7 7. Qc1 h5 8. h4 Bd7 9. a3 Qc8 10. Rb1 Nd4 11. b4 Bc6 12. f3 b6 13. b5 Bb7 14. e3 Nf5 15. Nge2 Qc7 16. e4 Nd4 17. Nxd4 cxd4 18. Nd5 Qd8 19. Nxf6+ Bxf6 20. a4 Rc8 21. a5 d5 22. exd5 Bxd5 23. 0-0 0-0 24. Bh3 Rc7 25. Qa3 Ba8 26. Rbe1 e6 27. axb6 axb6 28. Bf4 Rc5 29. Bd2 Be7 30. Qa7 Qc7 31. Ra1 Qxg3+ 32. Bg2 Bd6 33. Rf2 Rf5 34. f4 Bxg2 35. Rxg2 Qxd3 36. Re1 Bxf4 37. Rxe6 Qb1+ 38. Re1 Qd3 39. Qxb6 Kg7 40. Bxf4 Rxf4 41. c5 Rxh4 42. Qd6 Qh3 43. c6 Qh1+ 44. Kf2 Qh3 45. Qe5+ Kh7 46. b6 Qc3 47. c7 Qb2+ 48. Kg1 Qxb6 49. Rc1 d3+ 50. Qc5 Qxc5+ 51. Rxc5 Rc8 52. Rf2 Kg7 53. Rd2 Rd4 54. Kf2 Rd7 55. Ke3 Rcxc7 56. Rxc7 Rxc7 57. Rxd3 Rc5 58. Kf4 Kh6 59. Ra3 Rg5 60. Ra7 Rg4+ 61. Kf3 f5 62. Ra8 Kg5 63. Rh8 h4 64. Ra8 Rg3+ 65. Kf2 Kg4 66. Rh8 g5 67. Rg8 h3 68. Rxg5+ Kxg5 69. Kxg3 h2 70. Kxh2 Kf4 71. Kg2 Ke3 72. Kf1 Kf3 0-1